000 00317nam a22001337a 4500
020 _a978-3662520987
041 _aENG
100 _aFilho.W.L
245 _aClimate Change And The Sustainable Use Of Water Resources
260 _aDelhi
_bSpringer
_c2011
300 _a823
650 _aSWCE
856 _uSWCE ( 43 )
999 _c1930
_d1930